[Event "GER-chA Seniors 28th"]
[Site "Niederhausen"]
[Date "2016.08.21"]
[Round "9"]
[White "Koehler, Gerhard"]
[Black "Jolowicz, Matias"]
[Result "1-0"]
[WhiteElo "2219"]
[BlackElo "2131"]
[PlyCount "59"]
[EventDate "2016.08.13"]
[EventType "swiss"]
[EventRounds "9"]
[EventCountry "GER"]
[SourceTitle "EXT 2019"]
[Source "ChessBase"]
[SourceDate "2018.10.10"]
[SourceVersion "1"]
[SourceVersionDate "2018.10.10"]
[SourceQuality "1"]

1. c4 Nf6 2. Nc3 g6 3. e4 d6 4. d4 Bg7 5. Be2 0-0 6. Nf3 Na6 7. 0-0 e5 8. Re1 c6 9. Rb1 exd4 10. Nxd4 Nc5 11. Bf1 Re8 12. f3 a5 13. Be3 Nh5 14. Qd2 Qh4 15. g3 Qe7 16. Bg2 Ne6 17. Nc2 a4 18. g4 Nf6 19. h3 Nd7 20. Rbd1 g5 21. b3 Ne5 22. Nd4 Nxd4 23. Bxd4 axb3 24. axb3 h6 25. Ne2 Be6 26. Ng3 Qc7 27. Nh5 Bh8 28. f4 gxf4 29. Qxf4 Kh7 30. Be3 1-0

[Event "GER-chT Seniors 24th"]
[Site "Berlin"]
[Date "2015.09.09"]
[Round "4.4"]
[White "Jolowicz, Matias"]
[Black "Maahs, Erich"]
[Result "0-1"]
[WhiteElo "2159"]
[BlackElo "2081"]
[PlyCount "70"]
[EventDate "2015.09.06"]
[EventType "team-swiss"]
[EventRounds "7"]
[EventCountry "GER"]
[SourceTitle "EXT 2018"]
[Source "ChessBase"]
[SourceDate "2017.10.13"]
[SourceVersion "1"]
[SourceVersionDate "2017.10.13"]
[SourceQuality "1"]

1. c4 Nf6 2. g3 e6 3. Bg2 d5 4. Nf3 Be7 5. 0-0 0-0 6. b3 Ne4 7. d4 c5 8. Bb2 Bf6 9. Nbd2 Nxd2 10. Qxd2 dxc4 11. bxc4 cxd4 12. Bxd4 Nc6 13. Bxf6 Qxf6 14. Rab1 e5 15. Ng5 Rb8 16. Ne4 Qe7 17. Nd6 Be6 18. Bxc6 bxc6 19. c5 Qc7 20. a3 h6 21. Rb4 Qa5 22. Rfb1 Rxb4 23. axb4 Qa3 24. Qc1 Qxc1+ 25. Rxc1 Rb8 26. b5 cxb5 27. c6 Rb6 28. Nb7 b4 29. Na5 b3 30. Nxb3 Rxb3 31. c7 Bc8 32. Rd1 Kh7 33. Rd8 Rb1+ 34. Kg2 Bb7+ 35. f3 Rc1 0-1

[Event "Alpenpokal op 30th"]
[Site "Tiefenbach"]
[Date "2004.??.??"]
[Round "2"]
[White "Aufmwasser, Guenter"]
[Black "Jolowicz, Matias"]
[Result "0-1"]
[WhiteElo "1614"]
[BlackElo "2133"]
[PlyCount "48"]
[EventDate "2004.01.08"]
[EventType "swiss"]
[EventRounds "9"]
[EventCountry "GER"]
[SourceTitle "EXT 2006"]
[Source "ChessBase"]
[SourceDate "2005.11.24"]
[SourceVersion "1"]
[SourceVersionDate "2005.11.24"]
[SourceQuality "1"]

1. f4 g6 2. d4 Bg7 3. e3 Nf6 4. Nf3 0-0 5. Bd3 d6 6. 0-0 Nc6 7. c3 e5 8. e4 exd4 9. Nxd4 Re8 10. Nxc6 bxc6 11. Qc2 Qe7 12. f5 Nxe4 13. fxg6 hxg6 14. Nd2 Nc5 15. Nf3 Nxd3 16. Qxd3 Bf5 17. Qc4 Qe4 18. Qb3 Qd5 19. Qa3 Re2 20. Bf4 Qe4 21. Rae1 Rxe1 22. Nxe1 Be6 23. Bc1 Bc4 24. Qa4 Re8 0-1

[Event "Alpenpokal op 30th"]
[Site "Tiefenbach"]
[Date "2004.??.??"]
[Round "4"]
[White "Emde, Rainer"]
[Black "Jolowicz, Matias"]
[Result "0-1"]
[WhiteElo "1995"]
[BlackElo "2133"]
[PlyCount "56"]
[EventDate "2004.01.08"]
[EventType "swiss"]
[EventRounds "9"]
[EventCountry "GER"]
[SourceTitle "EXT 2006"]
[Source "ChessBase"]
[SourceDate "2005.11.24"]
[SourceVersion "1"]
[SourceVersionDate "2005.11.24"]
[SourceQuality "1"]

1. d4 Nf6 2. Nf3 c5 3. e3 g6 4. c4 Bg7 5. Nc3 0-0 6. Be2 d5 7. 0-0 cxd4 8. exd4 Nc6 9. Re1 Bg4 10. cxd5 Nxd5 11. h3 Be6 12. Bf1 Rc8 13. Bg5 h6 14. Be3 Kh7 15. Na4 Ncb4 16. Nc5 Bf5 17. g4 Bc2 18. Qd2 b6 19. Na6 Nxe3 20. Rxe3 Nd5 21. Ra3 Qd6 22. Re1 f5 23. g5 h5 24. Ne5 Be4 25. Nc4 Qf4 26. Qxf4 Nxf4 27. Nb4 a5 28. Na6 Bxd4 0-1

[Event "Alpenpokal op 30th"]
[Site "Tiefenbach"]
[Date "2004.??.??"]
[Round "5"]
[White "Jolowicz, Matias"]
[Black "Merkel, Gerd"]
[Result "1/2-1/2"]
[WhiteElo "2133"]
[BlackElo "2095"]
[PlyCount "22"]
[EventDate "2004.01.08"]
[EventType "swiss"]
[EventRounds "9"]
[EventCountry "GER"]
[SourceTitle "EXT 2006"]
[Source "ChessBase"]
[SourceDate "2005.11.24"]
[SourceVersion "1"]
[SourceVersionDate "2005.11.24"]
[SourceQuality "1"]

1. d4 Nf6 2. c4 g6 3. g3 Bg7 4. Bg2 0-0 5. Nc3 d6 6. e3 c6 7. Nge2 d5 8. cxd5 cxd5 9. Nf4 e6 10. 0-0 Nc6 11. b3 b6 1/2-1/2

[Event "Alpenpokal op 30th"]
[Site "Tiefenbach"]
[Date "2004.??.??"]
[Round "3"]
[White "Jolowicz, Matias"]
[Black "Spurga, Josef"]
[Result "1-0"]
[WhiteElo "2133"]
[BlackElo "1880"]
[PlyCount "47"]
[EventDate "2004.01.08"]
[EventType "swiss"]
[EventRounds "9"]
[EventCountry "GER"]
[SourceTitle "EXT 2006"]
[Source "ChessBase"]
[SourceDate "2005.11.24"]
[SourceVersion "1"]
[SourceVersionDate "2005.11.24"]
[SourceQuality "1"]

1. d4 Nf6 2. c4 e6 3. Nc3 Bb4 4. a3 Bxc3+ 5. bxc3 c5 6. f3 d5 7. e3 0-0 8. cxd5 exd5 9. Bd3 Nbd7 10. Ne2 Re8 11. 0-0 Nf8 12. Ng3 Be6 13. Ra2 Rc8 14. Nf5 Bxf5 15. Bxf5 Ne6 16. Re2 Rc7 17. Bb1 Rce7 18. Ref2 Qd6 19. a4 Nf8 20. Re2 Ng6 21. Rfe1 cxd4 22. cxd4 Nd7 23. Qd3 Ndf8 24. Ba3 1-0

[Event "Alpenpokal op 28th"]
[Site "Oberstdorf"]
[Date "2002.??.??"]
[Round "7"]
[White "Froehlich, Rainer"]
[Black "Jolowicz, Matias"]
[Result "0-1"]
[WhiteElo "1933"]
[BlackElo "2275"]
[PlyCount "78"]
[EventDate "2002.01.12"]
[EventType "swiss"]
[EventRounds "9"]
[EventCountry "GER"]
[SourceTitle "EXT 2003"]
[Source "ChessBase"]
[SourceDate "2002.11.25"]
[SourceVersion "1"]
[SourceVersionDate "2002.11.25"]
[SourceQuality "1"]

1. c4 b6 2. Nc3 Bb7 3. e4 e6 4. d3 c5 5. f4 Nc6 6. Nf3 Be7 7. Be2 d6 8. a3 Nf6 9. 0-0 0-0 10. Rb1 a6 11. b4 Nd4 12. Kh1 Nxe2 13. Qxe2 Qc7 14. Be3 d5 15. bxc5 bxc5 16. Bd2 d4 17. Nd1 Bc6 18. Nf2 a5 19. Rb2 Rfb8 20. Rfb1 a4 21. e5 Nd7 22. Ne4 Rxb2 23. Rxb2 Rb8 24. Bc1 Rb3 25. Rc2 Nf8 26. Nfd2 Rb8 27. Qg4 Ng6 28. Kg1 Bf8 29. h4 h5 30. Qf3 f5 31. exf6 Qxf4 32. f7+ Qxf7 33. Qxh5 Nf4 34. Qe5 Rd8 35. Ng5 Qf6 36. Qc7 Ne2+ 37. Kh1 Qf2 38. Ndf3 Qf1+ 39. Kh2 Bd6+ 0-1

[Event "Alpenpokal op 27th"]
[Site "Baden"]
[Date "2001.??.??"]
[Round "9"]
[White "Jolowicz, Matias"]
[Black "Maugg, Ludwig"]
[Result "1/2-1/2"]
[WhiteElo "2275"]
[BlackElo "2160"]
[PlyCount "32"]
[EventDate "2001.??.??"]
[EventType "swiss"]
[EventRounds "9"]
[EventCountry "GER"]
[SourceTitle "EXT 2003"]
[Source "ChessBase"]
[SourceDate "2002.11.25"]
[SourceVersion "1"]
[SourceVersionDate "2002.11.25"]
[SourceQuality "1"]

1. e4 c5 2. Nc3 Nc6 3. f4 g6 4. Nf3 Bg7 5. g3 d6 6. Bg2 e6 7. 0-0 Nge7 8. d3 0-0 9. Be3 Nd4 10. e5 Nef5 11. Bf2 Nxf3+ 12. Qxf3 Nd4 13. Qd1 dxe5 14. fxe5 Bxe5 15. Ne4 Nc6 16. Bxc5 Bd4+ 1/2-1/2

[Event "Oberstdorf Tiefenbach op"]
[Site "Oberstdorf"]
[Date "1999.??.??"]
[Round "?"]
[White "Jolowicz, Matias"]
[Black "Jochem, Dieter"]
[Result "1-0"]
[WhiteElo "2275"]
[BlackElo "1860"]
[PlyCount "97"]
[EventDate "1999.??.??"]
[EventType "swiss"]
[EventRounds "9"]
[EventCountry "GER"]
[SourceTitle "EXT 2001"]
[Source "ChessBase"]
[SourceDate "2000.11.22"]
[SourceVersion "1"]
[SourceVersionDate "2000.11.22"]
[SourceQuality "1"]

1. d4 g6 2. c4 Bg7 3. Nc3 d6 4. g3 Nd7 5. Bg2 c5 6. Nf3 Ngf6 7. 0-0 0-0 8. Qc2 cxd4 9. Nxd4 Ng4 10. Rd1 h6 11. h3 Ngf6 12. Be3 Ne5 13. b3 Bd7 14. Bxb7 Bxh3 15. Bxa8 Qxa8 16. f3 Nfg4 17. Qd2 Qb7 18. Rac1 a6 19. Nc2 h5 20. Nd5 Nxe3 21. Qxe3 Be6 22. Qd3 Rc8 23. e4 Bxd5 24. exd5 Nd7 25. Kg2 Bh6 26. Rb1 Bg5 27. Nd4 Ne5 28. Qe4 Bf6 29. Re1 Qb6 30. Rbd1 Rc7 31. Re2 a5 32. g4 hxg4 33. fxg4 g5 34. Kf1 Ng6 35. Rh2 a4 36. Nb5 Rc8 37. b4 Kg7 38. Rb1 Rh8 39. Rxh8 Kxh8 40. Rd1 Kg7 41. a3 Qb8 42. Nd4 Qh8 43. Nf5+ Kf8 44. c5 Qh3+ 45. Kf2 Nf4 46. Rh1 Bd4+ 47. Nxd4 Qxa3 48. Rh8+ Kg7 49. Qh7+ 1-0

[Event "Oberliga Nord W 9798"]
[Site "Germany"]
[Date "1997.12.07"]
[Round "3.2"]
[White "Jolowicz, Matias"]
[Black "Hummel, Dirk"]
[Result "1-0"]
[WhiteElo "2240"]
[BlackElo "2255"]
[PlyCount "60"]
[EventDate "1997.10.??"]
[EventType "team"]
[EventRounds "9"]
[EventCountry "GER"]
[SourceTitle "EXT 2003"]
[Source "ChessBase"]
[SourceDate "2002.11.25"]
[SourceVersion "1"]
[SourceVersionDate "2002.11.25"]
[SourceQuality "1"]
[WhiteTeam "Salzgitter"]
[BlackTeam "Oesede Georgsmarienhuette"]
[WhiteTeamCountry "GER"]
[BlackTeamCountry "GER"]

1. d4 d5 2. c4 e6 3. Nc3 Nf6 4. cxd5 exd5 5. Bg5 Nbd7 6. e3 Be7 7. Bd3 0-0 8. Qc2 c6 9. Nge2 Re8 10. 0-0-0 Nf8 11. f3 Nh5 12. h4 Bxg5 13. hxg5 Qxg5 14. g4 Qxe3+ 15. Kb1 Nf6 16. g5 Qxg5 17. f4 Qg2 18. Rhg1 Qf2 19. Rdf1 Qh2 20. Rh1 Qg2 21. Rhg1 Qh3 22. f5 Qh2 23. Qc1 Kh8 24. Rxg7 Kxg7 25. Qg5+ Kh8 26. Qxf6+ Kg8 27. Qg5+ Kh8 28. Rg1 Ng6 29. fxg6 hxg6 30. Nf4 Be6 1-0